000 00363 a2200169 4500
001 70031
020 _a8532235352
040 _cAnchieta - Itaigara
100 _aMurray, Roseana
240 1 0 _aReceitas de olhar
_lpor
245 1 0 _aReceitas de olhar
300 _a45
362 0 _a1999
440 1 _aFTD
650 4 _aLiteratura infanto-juvenil
942 _cBK
999 _c70031
_d70031